Loading...
History - World History | 0 | 8 | 1 | 0 | 75 | 54 | 83.75 | 1 | 5 |
Fine Arts - Classical Music | 0 | 7 | 0 | 0 | 70 | 90 | 107.71 | 0 | 2 |
Science - Other Science | 0 | 8 | 2 | 0 | 70 | 69 | 84.13 | 2 | 8 |
Philosophy | 0 | 7 | 0 | 0 | 70 | 63 | 87.71 | 1 | 5 |
History - Other History | 0 | 7 | 2 | 1 | 60 | 49 | 79.86 | 0 | 4 |
Science - Physics | 0 | 6 | 0 | 1 | 60 | 66 | 97.00 | 0 | 4 |
Fine Arts - Other Fine Arts | 0 | 5 | 1 | 0 | 45 | 69 | 103.60 | 2 | 4 |
History - European History | 0 | 5 | 1 | 3 | 45 | 112 | 121.60 | 0 | 1 |
Social Science | 0 | 5 | 2 | 1 | 40 | 63 | 92.60 | 0 | 2 |
Literature - World/Other Literature | 0 | 4 | 0 | 1 | 40 | 81 | 124.00 | 0 | 1 |
Science - Biology | 0 | 4 | 0 | 0 | 40 | 63 | 81.75 | 3 | 4 |
Geography/Current Events | 0 | 4 | 2 | 0 | 30 | 62 | 78.25 | 1 | 2 |
Literature - British Literature | 0 | 3 | 0 | 1 | 30 | 114 | 127.33 | 0 | 1 |
Religion | 0 | 3 | 1 | 1 | 25 | 79 | 111.33 | 0 | 1 |
History - American History | 0 | 4 | 3 | 1 | 25 | 56 | 95.25 | 1 | 2 |
Literature - American Literature | 0 | 2 | 0 | 0 | 20 | 73 | 105.50 | 1 | 1 |
Other Academic | 0 | 2 | 0 | 0 | 20 | 42 | 69.00 | 0 | 2 |
Science - Chemistry | 0 | 2 | 0 | 0 | 20 | 67 | 89.00 | 1 | 2 |
Fine Arts - Visual Fine Arts | 0 | 2 | 2 | 0 | 10 | 97 | 99.00 | 0 | 1 |
Mythology | 0 | 2 | 2 | 1 | 10 | 122 | 129.00 | 0 | 0 |
Literature - European Literature | 0 | 1 | 1 | 0 | 5 | 144 | 144.00 | 0 | 0 |